Histórica relación del Reino de Chile
Furkejuvvon:
| Váldodahkki: | |
|---|---|
| Materiálatiipa: | Girji |
| Giella: | espánnjágiella |
| Almmustuhtton: |
Santiago, Chile
Universitaria
1979
|
| Preanttus: | Tercera edición |
| Ráidu: | Escritores Coloniales de Chile,
9 |
| Fáttát: | |
| Fáddágilkorat: |
Lasit fáddágilkoriid
Eai fáddágilkorat, Lasit vuosttaš fáddágilkora!
|
MARC
| LEADER | 00000nam a2200000 a 4500 | ||
|---|---|---|---|
| 001 | UCX3228 | ||
| 003 | CL-VaPUC | ||
| 005 | 20221222175120.0 | ||
| 008 | 911015e19790000CL |||||||||||||||||spa|d | ||
| 999 | |c 224035 |d 224033 | ||
| 040 | |c Pontificia Universidad Católica de Valparaíso | ||
| 082 | 0 | 4 | |a 983 OVA 1979 |2 21 |
| 100 | |a Ovalle, Alonso de |e autor |9 319333 | ||
| 245 | 1 | 0 | |a Histórica relación del Reino de Chile |
| 250 | |a Tercera edición | ||
| 260 | |a Santiago, Chile |b Universitaria |c 1979 | ||
| 300 | |a 123 páginas | ||
| 490 | 0 | |a Escritores Coloniales de Chile, |v 9 | |
| 583 | |a last modification |c 19911015 00:00:00 |k Rodrigo Vera | ||
| 650 | 0 | |a Historia |9 255047 | |
| 650 | 7 | |a FUENTES HISTORICAS |2 CL-VaPUC |9 255666 | |
| 852 | |a BIBCUR | ||
| 942 | |c BK |2 ddc | ||
| 945 | |d 19911015 00:00:00 | ||
| 952 | |0 0 |1 0 |2 ddc |4 0 |6 983_000000000000000_OVA_1979 |7 0 |8 A |9 220401 |a BIBHIS |b BIBHIS |d 2019-11-15 |i 2891166 |l 2 |m 1 |o 983 OVA 1979 |p 2891166 |r 2025-01-20 |s 2023-06-20 |t 2 |w 2019-11-15 |y BK |k HIS | ||
| 952 | |0 0 |1 0 |2 ddc |4 0 |6 983_000000000000000_OVA_1979 |7 0 |8 A |9 220402 |a BIBHIS |b BIBHIS |d 2019-11-15 |i 2891174 |o 983 OVA 1979 |p 2891174 |r 2025-01-20 |t 3 |w 2019-11-15 |y BK |k HIS | ||
| 952 | |0 0 |1 0 |2 ddc |4 0 |6 983_000000000000000_OVA_1979 |7 0 |8 DER_HDC |9 220403 |a BIBDER |b BIBDER |d 2019-11-15 |i 1892045 |o 983 OVA 1979 |p 1892045 |r 2023-01-25 |t 1 |w 2019-11-15 |x Ubicación 4to Piso |y BK |z Estos recursos deben solicitarse con anticipación |k DER | ||
| 952 | |0 0 |1 0 |2 ddc |4 0 |6 983_000000000000000_OVA_1979 |7 0 |8 A |9 220404 |a BIBEDU |b BIBEDU |d 2019-11-15 |i 1461648 |o 983 OVA 1979 |p 1461648 |r 2019-11-15 |t 4 |w 2019-11-15 |y BK |k LIT | ||
| 952 | |0 0 |1 0 |2 ddc |4 0 |6 983_000000000000000_OVA_1979 |7 0 |8 A |9 220405 |a BIBEDU |b BIBEDU |d 2019-11-15 |i 1461745 |o 983 OVA 1979 |p 1461745 |r 2019-11-15 |t 5 |w 2019-11-15 |y BK |k LIT | ||
| 952 | |0 0 |1 0 |2 ddc |4 0 |6 983_000000000000000_OVA_1979 |7 0 |8 A |9 220406 |a BIBEDU |b BIBEDU |d 2019-11-15 |i 1461796 |o 983 OVA 1979 |p 1461796 |r 2019-11-15 |t 6 |w 2019-11-15 |y BK |k LIT | ||
| 952 | |0 0 |1 0 |2 ddc |4 0 |6 983_000000000000000_OVA_1979 |7 0 |8 A |9 220407 |a BIBEDU |b BIBEDU |d 2019-11-15 |i 1461818 |o 983 OVA 1979 |p 1461818 |r 2019-11-15 |t 7 |w 2019-11-15 |y BK |k LIT | ||